000 00560nam a2200205 a 4500
001 19112
003 CO-ViMGA
008 141112s2004 ck r 000 u spa d
020 _a9582810971
040 _aCO-ViMGA
_bspa
_cCO-ViMGA
082 0 4 _aCo867.6 L691m
100 1 _aLozano, Jocundo
_927409
245 1 0 _aLos Mejores chistes de Juanito
260 _aBogotá :
_bIntermedio Editores; 1999
300 _a220 p.
590 _aForma de adquisición : Proyecto 2005
650 1 4 _aHUMOR COLOMBIANO
650 1 4 _aNIÑOS - ANECDOTAS
_927410
942 _2ddc
_cBK
999 _c28284
_d28284